1821 1465 1010 1797 1515 1045 1556 1809 1782 1364 1431 1368 1148 1181 1860 1448 1290 1385 1680 1781 1198 1767 1676 1345 1650 1417 1544 1849 1460 1045 1048 1001 1406 1640 1567 1280 1246 1520 1623 1380 1574 1354 1583 1811 1232 1364 1349 1619 1752 1842 1679 1084 1169 1848 1470 1065 1026 1162 1623 1653 1830 1135 1383 1935 1013 1453 1899 1618 1141 1860 1695 1655 1346 1330 1791 1824 1000 1801 1715 1518 1512 1421 1508 1477 1505 1261 1263 1920 1734 1578 1233 1145 1361 1617 1682 1804 1105 1603 1263 BCNSPRNW ULIB Ver.6.0+V

เปลี่ยนเป็นภาษาไทย

Change to English
 แสดงรายละเอียดบรรณานุกรม
  กลับหน้าหลัก

Brief Record : Get Marc (ISO 2709) : E-mail record : QR code < ปิดหน้าต่าง
LEADER : 00000nam 2200000uu 4500
001    13399120751
003     ULIB
008    121009s2551||||th 000 0 tha d
020    ^a9789741109296
060 04 ^aWC503^bก724ร
100 0  กุลกัญญา โชคไพบูลย์กิจ
245 00 ^aโรคติดเชื้อเอชไอวี/เอดส์ในเด็ก :^bตำราเพื่อบุคลากรที่ดูแลรักษาเด็กและครอบครัวที่ติดเชื้อเอชไอวี /^cบรรณาธิการ, กุลกัญญา โชคไพบูลย์กิจ
250    ^aพิมพ์ครั้งที่ 1
260    ^aกรุงเทพฯ :^bสาขาวิชาโรคติดเชื้อ ภาควิชากุมารเวชศาสตร์คณะแพทยศาสตร์ศิริราชพยาบาล,^c2551
300    ^a350 หน้า :^bภาพประกอบ ;^c24 ซม.
500    ^aหนังสือได้รับรางวัลประเภทชมเชย รางวัลตำราศิริราช-มหิดล ปี2551
650  7 ^aผู้ติดเชื้อเอชไอวี
650  7 ^aโรคเอดส์ในเด็ก
650  7 ^aกลุ่มอาการภูมิคุ้มกันเสื่อม^xในวัยทารกและวัยเด็ก
650  7 ^aรางวัลตำราศิริราช-มหิดล
653    ^aผลงานอาจารย์คณะแพทยศาสตร์ศิริราชพยาบาล
700 0  ^aกุลกัญญา โชคไพบูลย์กิจ,^eบรรณาธิการ
710 2  ^aมหาวิทยาลัยมหิดล. ^bคณะแพทยศาสตร์ศิริราชพยาบาล.^bภาควิชากุมารเวชศาสตร์
945    ^p400^l0^i15427
995    ^aทศพร
999    ^aทศพร เกษรทอง
รายการนี้ยังไม่มีแท็ก
คุณยังไม่ได้ล็อกอิน คุณสามารถมีกิจกรรมร่วมกับเว็บไซต์ได้ แต่ต้องล็อกอินก่อน ::
  ล็อกอิน

รายการสื่อสารสนเทศ

ลำดับที่ ประเภท เลขเรียก/บาร์โค้ด สถานที่ สถานะ
1. วิทยาศาสตร์การแพทย์ และสุขภาพ
วิทยาศาสตร์การแพทย์ และสุขภาพ
WC503 ก724ร ฉ.1 
  Barcode: 15427
ห้องสมุดวิทยาเขตสวรรค์ประชารักษ์
►หนังสือทั่วไป
บนชั้น

รายการใกล้เคียง
    ผู้แต่ง [กุลกัญญา โชคไพบูลย์กิจ]

    หัวเรื่อง [ผู้ติดเชื้อเอชไอวี]
    หัวเรื่อง [โรคเอดส์ในเด็ก]
    หัวเรื่อง [รางวัลตำราศิริราช-มหิดล]

BibComment


ยังไม่เคยถูกคอมเมนท์

คอมเมนท์ทรัพยากรรายการนี้
  คอมเมนท์: โรคติดเชื้อเอชไอ..


 Copyright 2026. Bcnsprnw @Library